00302nam a2200121Ia 4500008004100000041000800041100001800049245004100067250001000108260004600118300000800164365000800172231011s9999 xx 000 0 und d aeng aGryna Frank M aJurans Quality Planning and Analysis a5 th  bTata Mcgrawhill Pub Co, New Delhi -c2010 a774 b380